00493nam a2200157Ia 4500008004100000020001800041082001600059100002100075245007100096250000800167260004200175300002800217500001900245600002100264650005000285240925s9999 xx 000 0 und d a9788177587685 a005.117 BRU aBruegge , Berned 0aObject Oriented Software Engineering Using UML, Patterns and Java  a2nd aNew Delhi:bPearson Educationc,2008. axxv,671p.bNAfOriginal aIncludes Index aComputer Science aComputer science, information & general works